书目信息 |
| 题名: |
实用文秘语言艺术
|
|
| 作者: | 欧阳周 主编 | |
| 分册: | ||
| 出版信息: | 长沙 中南工业大学出版社 1996.09 |
|
| 页数: | 341页 | |
| 开本: | 32开 | |
| 丛书名: | ||
| 单 册: | ||
| 中图分类: | C931.46 | |
| 科图分类: | ||
| 主题词: | 管理--技术 , 管理--方法 | |
| 电子资源: | ||
| ISBN: | 7-81020-889-6 | |
| 000 | 00590nam0 2200205 45 | |
| 001 | 0007240804 | |
| 005 | 20000724090013.7 | |
| 010 | @a7-81020-889-6@d12.00元 | |
| 100 | @a20000724d1996 km y0chiy0120 ea | |
| 101 | 0 | @achi |
| 105 | @a z 000yy | |
| 200 | 1 | @a实用文秘语言艺术@AShi Yong Wen Mi Yu Yan Yi Shu@f欧阳周 主编@FOu Yang Zhou Zhu Bian |
| 210 | @a长沙@c中南工业大学出版社@d1996.09 | |
| 215 | @a341页@d32开 | |
| 606 | 0 | @a管理@x技术 |
| 606 | 0 | @a管理@x方法 |
| 690 | @aC931.46@v3 | |
| 701 | 0 | @a欧阳周@4主编 |
| 801 | @aCN@bPftUser@c20000724 | |
| 905 | @b75084-088@dC931.46@eO981@f5 | |
| 实用文秘语言艺术/欧阳周 主编.-长沙:中南工业大学出版社,1996.09 |
| 341页;32开 |
| ISBN 7-81020-889-6:12.00元 |
| ● |
| 相关链接 |
|
|
|
正题名:实用文秘语言艺术
索取号:C931.46/O981
 
预约/预借
| 序号 | 登录号 | 条形码 | 馆藏地/架位号 | 状态 | 备注 |
| 1 | 75084 | 200750847 | 社科库509/509社科库 64排8列1层/ [索取号:C931.46/O981] | 在馆 | |
| 2 | 75085 | 200750856 | 社科库509/509社科库 64排8列1层/ [索取号:C931.46/O981] | 在馆 | |
| 3 | 75086 | 200750865 | 社科库509/509社科库 64排8列1层/ [索取号:C931.46/O981] | 在馆 | |
| 4 | 75087 | 200750874 | 社科库509/509社科库 64排8列1层/ [索取号:C931.46/O981] | 在馆 | |
| 5 | 75088 | 200750883 | 社科库509/509社科库 64排8列1层/ [索取号:C931.46/O981] | 在馆 |